[Event "Santa Maria 1st"]
[Site "Santa Maria de Jetiba"]
[Date "2020.03.19"]
[Round "8"]
[White "Medeiros, Leonardo Paz"]
[Black "De Freitas, Fabio Ribeiro"]
[Result "0-1"]
[WhiteElo "1800"]
[BlackElo "1800"]
[PlyCount "136"]
[EventDate "2020.03.14"]
[EventType "tourn"]
[EventRounds "11"]
[EventCountry "BRA"]
[SourceTitle "CBM 195 Extra"]
[Source "ChessBase"]
[SourceDate "2020.05.31"]
[SourceVersion "1"]
[SourceVersionDate "2020.05.31"]
[SourceQuality "1"]

1. e4 e5 2. Nf3 Nc6 3. Bc4 Nf6 4. Ng5 d5 5. exd5 Na5 6. Be2 Nxd5 7. d4 exd4 8. Qxd4 Nc6 9. Bb5 Qe7+ 10. Qe4 Qxe4+ 11. Nxe4 Bd7 12. 0-0 0-0-0 13. Bc4 Bf5 14. Nbd2 Ne5 15. Bb3 Nf4 16. Re1 f6 17. Nc4 Nfg6 18. h3 h5 19. Nxe5 Nxe5 20. Bf4 Rd4 21. f3 Bxe4 22. Rxe4 Bc5 23. Kf1 Rxe4 24. fxe4 Re8 25. Rd1 Nc6 26. Re1 Ne5 27. a3 c6 28. Rd1 Bb6 29. Bxe5 Rxe5 30. Re1 Kd7 31. h4 Ke7 32. g3 Bc7 33. Kg2 f5 34. Kf3 fxe4+ 35. Rxe4 Rxe4 36. Kxe4 Bxg3 37. Kf5 Bxh4 38. Kg6 Bf6 39. Kxh5 Bxb2 40. a4 Kf6 41. Kg4 Bc1 42. Bc4 g5 43. Bd3 Ke5 44. a5 b6 45. axb6 axb6 46. Bh7 Kd4 47. Kf3 Kc3 48. Be4 c5 49. Bf5 b5 50. Ke2 b4 51. Kd1 Bf4 52. Be6 c4 53. Bg4 b3 54. cxb3 cxb3 55. Bf5 b2 56. Bb1 g4 57. Ke2 g3 58. Kf1 Kd2 59. Kg2 Kc1 60. Be4 b1Q 61. Bxb1 Kxb1 62. Kf3 Kc2 63. Kg2 Kd2 64. Kf1 Ke3 65. Kg2 Ke2 66. Kg1 Kf3 67. Kh1 g2+ 68. Kg1 Be3+ 0-1